| 000 | 00525nam a2200217Ia 4500 | ||
|---|---|---|---|
| 008 | 170203s9999 xx 000 0 und d | ||
| 020 | _a9780027326109 | ||
| 050 | _aFic | ||
| 050 | _b.D639n 1998 | ||
| 100 | _aDodd, Lynley | ||
| 245 | 4 | _aThe nickle nackle tree / | |
| 245 | _c by Lynley Dodd. | ||
| 260 | _aNew York : | ||
| 260 | _bMacmillan, | ||
| 260 | _c1998 | ||
| 300 | _bcolor illustrations ; | ||
| 300 | _c22 cm. | ||
| 650 | _aCounting. | ||
| 650 | _aCounting-out rhymes. | ||
| 650 | _aNonsense verses. | ||
| 999 |
_c306232 _d306232 |
||